Présidents de Conseil Régionaux par Images - Statistiques

Statistiques générales
  • Ce quiz a été pris 47 fois
  • Le résultat moyen est 8 sur 20
Statistiques - réponses
Par images Hint Réponse % Correct
LR - Île de France Valérie Pécresse
100%
Divers Droite - Hauts de France Xavier Bertrand
90%
PS - Occitanie Carole Delga
75%
Les Centristes - Normandie Hervé Morin
63%
LR - Provence Alpes Côte D'Azur Renaud Muselier
60%
PLR - Réunion Huguette Bello
53%
PS - Nouvelle Aquitaine Alain Rousset
48%
LR - Pays de La Loire Christelle Morançais
43%
PS - Bourgogne Franche Comté Marie-Guite Dufay
43%
PS - Bretagne Loïg Chesnais Girard
33%
PS - Centre Val de Loire François Bonneau
30%
LR - Auvergne Rhône Alpes Fabrice Pannekoucke
25%
GUSR - Guadeloupe Ary Chalus
20%
Divers Droite - Grand Est Franck Leroy
20%
FaC - Corse Gilles Simeoni
20%
PPM - Martinique Serge Letchimy
13%
Péyi G - Guyane Gabriel Serville
10%
Fac - Corse Marie Antoinette Maupertuis
8%
FMP - Martinique Lucien Saliber
5%
LR - Mayotte Ben Issa Mousséni
0%
Aucun quiz correspondant
Distribution des résultats
% des personnes avec chaque résultat
Percentile par nombre de réponses
Votre historique - résultats
Vous n’avez pas pris ce quiz